All Tennis Grand Slam Finalists in the 1990s - Statistics

General Stats
  • This quiz has been taken 146 times
  • The average score is 114 of 160
Answer Stats
Hint Answer % Correct
Men's 1990 French Open Andre Agassi
98%
Men's 1990 US Open Andre Agassi
98%
Men's 1991 French Open Andre Agassi
98%
Men's 1992 Wimbledon Andre Agassi
98%
Men's 1994 US Open Andre Agassi
98%
Men's 1995 Australian Open Andre Agassi
98%
Men's 1995 US Open Andre Agassi
98%
Men's 1999 French Open Andre Agassi
98%
Men's 1999 Wimbledon Andre Agassi
98%
Men's 1999 US Open Andre Agassi
98%
Men's 1990 US Open Pete Sampras
98%
Men's 1992 US Open Pete Sampras
98%
Men's 1993 Wimbledon Pete Sampras
98%
Men's 1993 US Open Pete Sampras
98%
Men's 1994 Australian Open Pete Sampras
98%
Men's 1994 Wimbledon Pete Sampras
98%
Men's 1995 Australian Open Pete Sampras
98%
Men's 1995 Wimbledon Pete Sampras
98%
Men's 1995 US Open Pete Sampras
98%
Men's 1996 US Open Pete Sampras
98%
Men's 1997 Australian Open Pete Sampras
98%
Men's 1997 Wimbledon Pete Sampras
98%
Men's 1998 Wimbledon Pete Sampras
98%
Men's 1999 Wimbledon Pete Sampras
98%
Women's 1990 Australian Open Steffi Graf
89%
Women's 1990 French Open Steffi Graf
89%
Women's 1990 US Open Steffi Graf
89%
Women's 1991 Wimbledon Steffi Graf
89%
Women's 1992 French Open Steffi Graf
89%
Women's 1992 Wimbledon Steffi Graf
89%
Women's 1993 Australian Open Steffi Graf
89%
Women's 1993 French Open Steffi Graf
89%
Women's 1993 Wimbledon Steffi Graf
89%
Women's 1993 US Open Steffi Graf
89%
Women's 1994 Australian Open Steffi Graf
89%
Women's 1994 US Open Steffi Graf
89%
Women's 1995 French Open Steffi Graf
89%
Women's 1995 Wimbledon Steffi Graf
89%
Women's 1995 US Open Steffi Graf
89%
Women's 1996 French Open Steffi Graf
89%
Women's 1996 Wimbledon Steffi Graf
89%
Women's 1996 US Open Steffi Graf
89%
Women's 1999 French Open Steffi Graf
89%
Women's 1999 Wimbledon Steffi Graf
89%
Men's 1990 Wimbledon Boris Becker
86%
Men's 1991 Australian Open Boris Becker
86%
Men's 1991 Wimbledon Boris Becker
86%
Men's 1995 Wimbledon Boris Becker
86%
Men's 1996 Australian Open Boris Becker
86%
Men's 1991 French Open Jim Courier
85%
Men's 1991 US Open Jim Courier
85%
Men's 1992 Australian Open Jim Courier
85%
Men's 1992 French Open Jim Courier
85%
Men's 1993 Australian Open Jim Courier
85%
Men's 1993 French Open Jim Courier
85%
Men's 1993 Wimbledon Jim Courier
85%
Men's 1990 Australian Open Stefan Edberg
84%
Men's 1990 Wimbledon Stefan Edberg
84%
Men's 1991 US Open Stefan Edberg
84%
Men's 1992 Australian Open Stefan Edberg
84%
Men's 1992 US Open Stefan Edberg
84%
Men's 1993 Australian Open Stefan Edberg
84%
Women's 1999 US Open Serena Williams
83%
Women's 1997 US Open Venus Williams
83%
Men's 1992 Wimbledon Goran Ivanišević
79%
Men's 1994 Wimbledon Goran Ivanišević
79%
Men's 1998 Wimbledon Goran Ivanišević
79%
Women's 1990 Wimbledon Martina Navratilova
78%
Women's 1991 US Open Martina Navratilova
78%
Women's 1994 Wimbledon Martina Navratilova
78%
Men's 1997 US Open Patrick Rafter
78%
Men's 1998 US Open Patrick Rafter
78%
Women's 1990 French Open Monica Seles
77%
Women's 1991 Australian Open Monica Seles
77%
Women's 1991 French Open Monica Seles
77%
Women's 1991 US Open Monica Seles
77%
Women's 1992 Australian Open Monica Seles
77%
Women's 1992 French Open Monica Seles
77%
Women's 1992 Wimbledon Monica Seles
77%
Women's 1992 US Open Monica Seles
77%
Women's 1993 Australian Open Monica Seles
77%
Women's 1995 US Open Monica Seles
77%
Women's 1996 Australian Open Monica Seles
77%
Women's 1996 US Open Monica Seles
77%
Women's 1998 French Open Monica Seles
77%
Men's 1995 French Open Michael Chang
75%
Men's 1996 Australian Open Michael Chang
75%
Men's 1996 US Open Michael Chang
75%
Men's 1990 Australian Open Ivan Lendl
73%
Men's 1991 Australian Open Ivan Lendl
73%
Women's 1997 Australian Open Martina Hingis
72%
Women's 1997 French Open Martina Hingis
72%
Women's 1997 Wimbledon Martina Hingis
72%
Women's 1997 US Open Martina Hingis
72%
Women's 1998 Australian Open Martina Hingis
72%
Women's 1998 US Open Martina Hingis
72%
Women's 1999 Australian Open Martina Hingis
72%
Women's 1999 French Open Martina Hingis
72%
Women's 1999 US Open Martina Hingis
72%
Men's 1997 Australian Open Carlos Moyá
71%
Men's 1998 French Open Carlos Moyá
71%
Men's 1997 French Open Gustavo Kuerten
68%
Women's 1998 US Open Lindsay Davenport
66%
Women's 1999 Wimbledon Lindsay Davenport
66%
Women's 1991 French Open Arantxa Sánchez Vicario
65%
Women's 1992 US Open Arantxa Sánchez Vicario
65%
Women's 1994 Australian Open Arantxa Sánchez Vicario
65%
Women's 1994 French Open Arantxa Sánchez Vicario
65%
Women's 1994 US Open Arantxa Sánchez Vicario
65%
Women's 1995 Australian Open Arantxa Sánchez Vicario
65%
Women's 1995 French Open Arantxa Sánchez Vicario
65%
Women's 1995 Wimbledon Arantxa Sánchez Vicario
65%
Women's 1996 French Open Arantxa Sánchez Vicario
65%
Women's 1996 Wimbledon Arantxa Sánchez Vicario
65%
Women's 1998 French Open Arantxa Sánchez Vicario
65%
Men's 1996 French Open Yevgeny Kafelnikov
62%
Men's 1999 Australian Open Yevgeny Kafelnikov
62%
Men's 1992 French Open Petr Korda
61%
Men's 1998 Australian Open Petr Korda
61%
Men's 1995 French Open Thomas Muster
59%
Men's 1991 Wimbledon Michael Stich
58%
Men's 1994 US Open Michael Stich
58%
Men's 1996 French Open Michael Stich
58%
Men's 1994 Australian Open Todd Martin
58%
Men's 1999 US Open Todd Martin
58%
Women's 1990 US Open Gabriela Sabatini
54%
Women's 1991 Wimbledon Gabriela Sabatini
54%
Men's 1993 French Open Sergi Bruguera
53%
Men's 1994 French Open Sergi Bruguera
53%
Men's 1997 French Open Sergi Bruguera
53%
Men's 1998 Australian Open Marcelo Ríos
50%
Men's 1996 Wimbledon Richard Krajicek
48%
Women's 1991 Australian Open Jana Novotná
46%
Women's 1993 Wimbledon Jana Novotná
46%
Women's 1997 Wimbledon Jana Novotná
46%
Women's 1998 Wimbledon Jana Novotná
46%
Women's 1994 French Open Mary Pierce
43%
Women's 1995 Australian Open Mary Pierce
43%
Women's 1997 Australian Open Mary Pierce
43%
Women's 1994 Wimbledon Conchita Martínez
40%
Women's 1998 Australian Open Conchita Martínez
40%
Men's 1998 US Open Mark Philippoussis
40%
Men's 1998 French Open Àlex Corretja
38%
Men's 1999 French Open Andrei Medvedev
38%
Men's 1990 French Open Andrés Gómez
38%
Women's 1999 Australian Open Amélie Mauresmo
37%
Men's 1993 US Open Cédric Pioline
32%
Men's 1997 Wimbledon Cédric Pioline
32%
Men's 1996 Wimbledon MaliVai Washington
32%
Women's 1997 French Open Iva Majoli
26%
Men's 1997 US Open Greg Rusedski
23%
Women's 1990 Australian Open Mary Joe Fernández
20%
Women's 1992 Australian Open Mary Joe Fernández
20%
Women's 1993 French Open Mary Joe Fernández
20%
Men's 1999 Australian Open Thomas Enqvist
20%
Men's 1994 French Open Alberto Berasategui
16%
Women's 1990 Wimbledon Zina Garrison
14%
Women's 1996 Australian Open Anke Huber
13%
Women's 1998 Wimbledon Nathalie Tauziat
12%
Women's 1993 US Open Helena Suková
7%
No matching quizzes found
Score Distribution
Percent of People with Each Score
Percentile by Number Answered
Your Score History
You have not taken this quiz